| 000 | 00371nam a22001337a 4500 | ||
|---|---|---|---|
| 082 |
_a297.1229 _bSUB _cL-31, P-187 |
||
| 100 |
_aZahid Malik _99300 |
||
| 245 |
_aSubjects of Quran _cZahid Malik |
||
| 260 |
_aArmy Education Press Pakistan _bHurmat Publications |
||
| 300 | _a806 P, : | ||
| 526 |
_a0 _b0 _c0 _d297_122900000000000_SUB |
||
| 650 |
_aMCE _9379 |
||
| 942 |
_2ddc _cBK |
||
| 999 |
_c550293 _d550293 |
||